Visualizzazione normale
Vista MARC
- Alinvest
di Personal Name
Records bibliografici associati: 1
001 - CONTROL NUMBER
- control field: 25325
003 - CONTROL NUMBER IDENTIFIER
- control field: IT-RoPau
005 - DATE AND TIME OF LATEST TRANSACTION
- control field: 20140516164454.0
008 - FIXED-LENGTH DATA ELEMENTS
- fixed length control field: 140516|| aca||aabn | a|a d
040 ## - CATALOGING SOURCE
- Original cataloging agency: IT-RoPau
- Transcribing agency: IT-RoPau
100 ## - HEADING--PERSONAL NAME
- Personal name: Alinvest
- Dates associated with a name: Codice autore musica SPICS: 24487
- Relator term: Autore musica
- Name of part/section of a work: Una sirenetta fra noi
670 ## - SOURCE DATA FOUND
- Source citation: Work cat.: (IT-RoPau)99963: AA.VV. 794, Fivelandia 6 (Lp Fm 13619)